| 000 | 00676nam a2200193Ia 4500 | ||
|---|---|---|---|
| 003 | SISC | ||
| 005 | 20180815153510.0 | ||
| 008 | 180815s9999 xx 000 0 und d | ||
| 020 | _a9789718567883 | ||
| 100 | _aReyes, Danilo Dela Rosa | ||
| 245 |
_cDanilo Dela Rosa Reyes, Prosperpina D. Tapales, Ma. Oliva Z. Domingo, Maria Fe Villamejor-Mendoza.-- _aIntroduction to Public Administration in the Philippines : _ba reader / |
||
| 250 | _a3rd ed | ||
| 260 |
_aQuezon City : _bUniversity of the Philippines _c2015 |
||
| 300 | _ax, 476 pages. | ||
| 440 | _vvol 1 | ||
| 650 | _aPhilippines -- Politics and government. | ||
| 650 | _aPublic administration. | ||
| 942 |
_2lcc _cBK |
||
| 999 |
_c358312 _d358312 |
||